Caño limón : (Registro nro. 15469)

Detalles MARC
000 -LEADER
fixed length control field 01154nam a22002657a 4500
003 - CONTROL NUMBER IDENTIFIER
control field OSt
005 - DATE AND TIME OF LATEST TRANSACTION
control field 20210323142123.0
008 - FIXED-LENGTH DATA ELEMENTS--GENERAL INFORMATION
fixed length control field 210323b2011 ck ao||gr|||| 00| 0 spa d
040 ## - CATALOGING SOURCE
Original cataloging agency CO-JMCR
Transcribing agency CO-JMCR
041 0# - LANGUAGE CODE
Language code of text/sound track or separate title spa
082 04 - DEWEY DECIMAL CLASSIFICATION NUMBER
Classification number 333.8232 /
Item number U762C
Edition number 23
100 1# - MAIN ENTRY--PERSONAL NAME
Personal name Uribe Hurtado, Cristina,
Relator term autora
9 (RLIN) 36165
245 10 - TITLE STATEMENT
Title Caño limón :
Remainder of title canto al fuego /
Statement of responsibility, etc. Cristina Uribe Hurtado ; prólogo Rodolfo Segovia Salas ; texto Jorge Nel Navea Hidalgo.
250 ## - EDITION STATEMENT
Edition statement Primera edición
260 ## - PUBLICATION, DISTRIBUTION, ETC.
Place of publication, distribution, etc. Bogotá :
Name of publisher, distributor, etc. Occidental de Colombia,
Date of publication, distribution, etc. 2011.
300 ## - PHYSICAL DESCRIPTION
Extent 240 páginas :
Other physical details ilustraciones y fotografías en color ;
Dimensions 32 cm.
505 0# - FORMATTED CONTENTS NOTE
Formatted contents note Hombre y poblados -- Hombre y sabana -- Hombre y tierra -- Hombre y Río -- Hombre y cultura -- Hombre y petróleo
650 24 - SUBJECT ADDED ENTRY--TOPICAL TERM
Topical term or geographic name entry element Ganadería
Geographic subdivision Arauca (Colombia)
9 (RLIN) 36449
650 24 - SUBJECT ADDED ENTRY--TOPICAL TERM
Topical term or geographic name entry element Caño Limón
General subdivision Fotografías
Geographic subdivision (Arauca, Colombia)
9 (RLIN) 36450
650 24 - SUBJECT ADDED ENTRY--TOPICAL TERM
Topical term or geographic name entry element Caño Limón
General subdivision Historia
Geographic subdivision (Arauca, Colombia)
9 (RLIN) 36451
650 24 - SUBJECT ADDED ENTRY--TOPICAL TERM
Topical term or geographic name entry element Vida social y costumbres
Geographic subdivision Arauca (Colombia)
9 (RLIN) 36452
700 1# - ADDED ENTRY--PERSONAL NAME
Personal name Segovia Salas, Rodolfo,
Relator term prologuista
9 (RLIN) 7247
700 1# - ADDED ENTRY--PERSONAL NAME
Personal name Navea Hidalgo, Jorge Nel,
Relator term autora
9 (RLIN) 36453
942 ## - ADDED ENTRY ELEMENTS (KOHA)
Source of classification or shelving scheme Dewey Decimal Classification
Koha item type Books
Existencias
Withdrawn status Lost status Source of classification or shelving scheme Damaged status Not for loan Home library Current library Shelving location Date acquired Source of acquisition Total Checkouts Full call number Barcode Date last seen Date last checked out Copy number Price effective from Koha item type
    Dewey Decimal Classification     Biblioteca Pública José María del Castillo y Rada Biblioteca Pública José María del Castillo y Rada General Stacks   Donación 1 333.8232 / U762c 201810968 03/10/2026 03/10/2026 Ej.1   Books